ბათუმის შოთა რუსთაველის სახელმწიფო უნივერსიტეტის ბიბლიოთეკა

Автоматическое регулирование. Теория и элементы систем. (ბიბ.ჩანაწერი № 41135)

000 -LEADER
fixed length control field 00747nam a2200229Ia 4500
001 - CONTROL NUMBER
control field 7785
003 - CONTROL NUMBER IDENTIFIER
control field GE_BSU
008 - FIXED-LENGTH DATA ELEMENTS--GENERAL INFORMATION
fixed length control field 181216s||||||||xx |||||||||||||| ||und||
040 ## - CATALOGING SOURCE
Transcribing agency GE_BSU
080 ## - UNIVERSAL DECIMAL CLASSIFICATION NUMBER
Universal Decimal Classification number 681.5(075.8)
100 ## - MAIN ENTRY--PERSONAL NAME
Personal name Иващенко,Н.Н.
245 ## - TITLE STATEMENT
Title Автоматическое регулирование. Теория и элементы систем.
245 ## - TITLE STATEMENT
Remainder of title Учеб. для вузов.
250 ## - EDITION STATEMENT
Edition statement Изд 4-ое, перераб. и доп.
260 ## - PUBLICATION, DISTRIBUTION, ETC.
Place of publication, distribution, etc. М.
260 ## - PUBLICATION, DISTRIBUTION, ETC.
Name of publisher, distributor, etc. Машиностроение.
260 ## - PUBLICATION, DISTRIBUTION, ETC.
Date of publication, distribution, etc. 1978.
300 ## - PHYSICAL DESCRIPTION
Extent 736стр. 26см.
300 ## - PHYSICAL DESCRIPTION
Accompanying material табл.
653 ## - INDEX TERM--UNCONTROLLED
Uncontrolled term Автоматическое регулирование. Теория и элементы систем.
942 ## - ADDED ENTRY ELEMENTS (KOHA)
Koha item type წიგნი
ეგზემპლარები
Withdrawn status Lost status Damaged status Not for loan Date acquired Barcode Date last seen Price effective from Koha item type
        2018-12-17 10883 2018-12-17 2018-12-17 წიგნი